| 000 | 00791nam a2200265 i 4500 | ||
|---|---|---|---|
| 003 | DO-SdBNP | ||
| 005 | 20240509105954.0 | ||
| 006 | a||||jr|||| 00| 0 | ||
| 007 | ta | ||
| 008 | 230424e2010 dr a|||fr|||| 001 0 spa d | ||
| 020 | _a9789945121827 | ||
| 040 |
_aDO-SdBNP _bspa _cBNPHU _erda |
||
| 082 | 4 |
_222 _bQ6c 2010 |
|
| 245 | 0 | 0 |
_aQuímica 4: _beducación media. / |
| 246 |
_aQuímica cuatro: _beducación media. |
||
| 264 | 3 | 2 |
_aSanto Domingo : _bGrupo Edebé, _bSusaeta, _c2010 |
| 300 |
_a192 páginas : _bIlustraciones, gráficas ; _c28 cm |
||
| 336 |
_2rdaconten _atexto _btxt |
||
| 337 |
_2rdamedia _asin medición _bn |
||
| 338 |
_2rdacarrier _avolumen _bnc |
||
| 490 | _aQuisqueya | ||
| 504 | _aBibliografía: páginas 191 | ||
| 590 | _aInventariado 2023 / MF | ||
| 942 |
_2ddc _cLBS1 |
||
| 999 |
_c53340 _d53340 |
||